|
|
|
|
| LEADER |
00000nam a22000007a 4500 |
| 005 |
20220504205117.0 |
| 007 |
cr|||| |||| |
| 008 |
220504s2021 br |||||s|||| 00||0 por d |
| 020 |
|
|
|a 978-65-86060-17-1
|
| 035 |
|
|
|a 36269
|
| 040 |
|
|
|a vLex
|
| 090 |
|
|
|c 13275
|d 13275
|
| 100 |
1 |
|
|a Belli, Luca
|
| 245 |
1 |
0 |
|a Politicas digitais no Brasil
|h [Recurso electrn̤ico] :
|b Acesso ̉Internet, Proteȯ̂ de Dados e Regulaȯ̂ /
|c Luca Belli, Bruno Ramos
|
| 256 |
|
|
|a Servicio en ln̕ea
|
| 260 |
|
|
|a Rio de Janeiro:
|b FGV - Direito Rio,
|c 2021
|
| 300 |
|
|
|a 1 recurso electrn̤ico
|
| 506 |
1 |
|
|a Disponible solo en los productos indicados
|d vLex Global
|d vLex Global (Academic Edition, excluding Law Schools)
|d vLex Global (U.S. Academic Edition, Law Schools)
|d vLex Global (U.S. Academic Edition, excluding Law Schools)
|d vLex Global (Academic Edition, Law Schools)
|
| 650 |
0 |
4 |
|a Derecho de las Nuevas Tecnologa̕s
|z Brasil
|
| 700 |
1 |
|
|a Ramos, Bruno
|
| 740 |
0 |
|
|a vLex Libros (Servicio en ln̕ea)
|
| 856 |
4 |
0 |
|u https://app.vlex.com/#/sources/36269
|z Acceso restringido
|
| 942 |
|
|
|c BOOK
|
| 999 |
0 |
|
|a Law of New Technologies
|